[Event "Belgrade Gligoric 100 Ann op"]
[Site "Belgrade"]
[Date "2023.02.05"]
[Round "7"]
[White "Radlovacki, Jovan"]
[Black "Tonic, Milos"]
[Result "1-0"]
[WhiteElo "2292"]
[BlackElo "2019"]
[PlyCount "88"]
[EventDate "2023.02.05"]
[EventType "swiss (blitz)"]
[EventRounds "11"]
[EventCountry "SRB"]
[SourceTitle "EXT 2024"]
[Source "ChessBase"]
[SourceDate "2023.10.10"]
[SourceVersion "1"]
[SourceVersionDate "2023.10.10"]
[SourceQuality "1"]

1. e4 c6 2. Nf3 d5 3. exd5 cxd5 4. Ne5 Nc6 5. Bb5 Bd7 6. Nxd7 Qxd7 7. 0-0 Nf6 8. Re1 e6 9. d4 Bd6 10. c3 0-0 11. Nd2 a6 12. Ba4 Qc7 13. Nf3 Ne4 14. h3 Rad8 15. Ng5 Nxg5 16. Bxg5 Be7 17. Bd2 Bf6 18. Bc2 g6 19. Bd3 Rfe8 20. Qf3 Bg7 21. h4 e5 22. Qg3 Qb8 23. dxe5 Bxe5 24. Qf3 d4 25. Be4 dxc3 26. Bxc3 Bxc3 27. bxc3 Qc7 28. h5 Re6 29. Bd5 Ne5 30. Qe4 Re7 31. c4 Nc6 32. Qf3 Rxe1+ 33. Rxe1 Rf8 34. Qf6 Qd8 35. Qf4 Qb8 36. Qe4 Nb4 37. h6 Nxd5 38. cxd5 Qd6 39. Qd4 f6 40. Re6 Qa3 41. Qd2 Qc5 42. d6 Qf5 43. Re7 Qb1+ 44. Kh2 Qf5 1-0

[Event "Belgrade Gligoric 100 Ann op"]
[Site "Belgrade"]
[Date "2023.02.05"]
[Round "10"]
[White "Tonic, Milos"]
[Black "Vujic, Mihailo"]
[Result "1/2-1/2"]
[WhiteElo "2019"]
[BlackElo "2281"]
[PlyCount "111"]
[EventDate "2023.02.05"]
[EventType "swiss (blitz)"]
[EventRounds "11"]
[EventCountry "SRB"]
[SourceTitle "EXT 2024"]
[Source "ChessBase"]
[SourceDate "2023.10.10"]
[SourceVersion "1"]
[SourceVersionDate "2023.10.10"]
[SourceQuality "1"]

1. c4 e5 2. Nc3 Nc6 3. Nf3 Nf6 4. g3 Nd4 5. Bg2 Nxf3+ 6. Bxf3 Bb4 7. Qb3 Bc5 8. d3 c6 9. 0-0 d6 10. Bg5 h6 11. Bxf6 Qxf6 12. Ne4 Qe7 13. Nxc5 dxc5 14. e3 0-0 15. Rad1 f5 16. Rfe1 Be6 17. Qc3 Qf6 18. Bg2 Rae8 19. f4 exf4 20. Qxf6 Rxf6 21. exf4 Bf7 22. Rxe8+ Bxe8 23. Re1 Kf8 24. Re5 b6 25. Kf2 g6 26. Ke3 Rd6 27. b3 Kf7 28. h3 Re6 29. Rxe6 Kxe6 30. d4 Kd6 31. d5 cxd5 32. Bxd5 b5 33. h4 b4 34. Kd2 a5 35. Kc2 a4 36. Kb2 a3+ 37. Kc2 Ke7 38. Kd3 Kf6 39. Ke3 g5 40. Bf3 Bf7 41. Kd3 Be6 42. Bd5 Bd7 43. Bf3 gxh4 44. gxh4 Be6 45. Bd5 Bd7 46. Bf3 Be8 47. h5 Bf7 48. Kd2 Ke7 49. Kc2 Kd6 50. Kd3 Be8 51. Kc2 Bd7 52. Kd3 Ke7 53. Kc2 Be6 54. Kd3 Bf7 55. Kc2 Kd6 56. Kd3 1/2-1/2

[Event "FIDE Disabilities Olym"]
[Site "Belgrade"]
[Date "2023.02.02"]
[Round "?"]
[White "Mamarajabov, Sardorbek"]
[Black "Tonic, Milos"]
[Result "1-0"]
[WhiteElo "1712"]
[BlackElo "2018"]
[PlyCount "79"]
[EventDate "2023.01.30"]
[EventType "team-swiss"]
[EventRounds "6"]
[EventCountry "SRB"]
[SourceTitle "CBM 212 Extra"]
[Source "ChessBase"]
[SourceDate "2023.03.31"]
[SourceVersion "1"]
[SourceVersionDate "2023.03.31"]
[SourceQuality "1"]
[WhiteTeam "Uzbekistan"]
[BlackTeam "Serbia"]
[WhiteTeamCountry "UZB"]
[BlackTeamCountry "SRB"]

1. e4 c6 2. Nc3 d5 3. Nf3 Bg4 4. h3 Bxf3 5. Qxf3 Nf6 6. d3 d4 7. Ne2 e5 8. Bd2 Nbd7 9. g4 Nc5 10. g5 Nfd7 11. h4 Bd6 12. Bh3 Qe7 13. 0-0-0 Ne6 14. Kb1 c5 15. Qg2 b5 16. f4 c4 17. Bxe6 fxe6 18. dxc4 bxc4 19. fxe5 Bxe5 20. c3 dxc3 21. Bxc3 Bxc3 22. Nxc3 0-0 23. Qg3 Nc5 24. Rd4 Rab8 25. Rxc4 Qb7 26. Qg2 Nd3 27. b3 Qa6 28. Ra4 Qc6 29. Qc2 Nb4 30. Qb2 Nd3 31. Qc2 Nb4 32. Qb2 Rf3 33. Rc1 Nd3 34. Qe2 Rh3 35. Qf1 Re3 36. Rxa7 Rf8 37. Nd5 exd5 38. Qxf8+ Kxf8 39. Rxc6 Re1+ 40. Kc2 1-0

[Event "FIDE Disabilities Olym"]
[Site "Belgrade"]
[Date "2023.01.30"]
[Round "?"]
[White "Tonic, Milos"]
[Black "Husain, Ejaz"]
[Result "1-0"]
[WhiteElo "2018"]
[BlackElo "1952"]
[PlyCount "79"]
[EventDate "2023.01.30"]
[EventType "team-swiss"]
[EventRounds "6"]
[EventCountry "SRB"]
[SourceTitle "CBM 212 Extra"]
[Source "ChessBase"]
[SourceDate "2023.03.31"]
[SourceVersion "1"]
[SourceVersionDate "2023.03.31"]
[SourceQuality "1"]
[WhiteTeam "Serbia"]
[BlackTeam "Bangladesh"]
[WhiteTeamCountry "SRB"]
[BlackTeamCountry "BAN"]

1. c4 e6 2. Nc3 d5 3. cxd5 exd5 4. d4 c6 5. Qc2 g6 6. Nf3 Bf5 7. Qb3 Qb6 8. Bg5 Qxb3 9. axb3 Bg7 10. e3 Nd7 11. Be2 a6 12. Nd2 Ngf6 13. b4 0-0 14. 0-0 Rfe8 15. Nb3 Bf8 16. Nc5 Ra7 17. Ra2 Rea8 18. Rfa1 b6 19. Nxa6 Ne4 20. Nxe4 dxe4 21. Bf4 Nf6 22. Bc4 Bc8 23. Nb8 Rxa2 24. Rxa2 Rxa2 25. Bxa2 Bb7 26. Be5 Nd5 27. Bxd5 cxd5 28. Nd7 Bxb4 29. Nxb6 Kf8 30. Na4 Ke7 31. Bc7 Kd7 32. Bb6 Kc6 33. Bc5 Bd2 34. Nc3 Ba6 35. g3 Bc4 36. Bb4 Bc1 37. Ba3 Bd2 38. Bb4 Bc1 39. Ba3 Bd3 40. Na2 1-0

[Event "SRB Central-ch"]
[Site "Pirot"]
[Date "2022.11.23"]
[Round "9"]
[White "Krstic, Andrija Marko"]
[Black "Tonic, Milos"]
[Result "1-0"]
[WhiteElo "2019"]
[BlackElo "1988"]
[PlyCount "147"]
[EventDate "2022.11.16"]
[EventType "swiss"]
[EventRounds "9"]
[EventCountry "SRB"]
[SourceTitle "CBM 211 Extra"]
[Source "ChessBase"]
[SourceDate "2023.01.31"]
[SourceVersion "1"]
[SourceVersionDate "2023.01.31"]
[SourceQuality "1"]

1. d4 Nf6 2. Nf3 e6 3. c4 Bb4+ 4. Bd2 a5 5. Qc2 d6 6. Nc3 Qe7 7. a3 Bxc3 8. Bxc3 Nc6 9. e3 e5 10. dxe5 dxe5 11. h3 0-0 12. Be2 a4 13. 0-0 g6 14. Nd2 Nd7 15. Bf3 Nd8 16. Bb4 c5 17. Bc3 Ne6 18. Bd5 Nc7 19. Bf3 f5 20. Rad1 e4 21. Be2 Ne5 22. f4 Nc6 23. Nb1 Be6 24. Be1 Qf7 25. Bh4 Na5 26. Nd2 h6 27. Qc3 b6 28. Rc1 Qg7 29. Qxg7+ Kxg7 30. Rfd1 Ne8 31. Nb1 Nb3 32. Rc2 Rf7 33. Nc3 Rd7 34. Rxd7+ Bxd7 35. Nd5 Rb8 36. Bd1 Kf7 37. Rc3 Na5 38. g4 Nd6 39. Be2 Be6 40. Rc1 Rb7 41. Be1 Naxc4 42. Bxc4 Nxc4 43. Rxc4 Bxd5 44. Rxa4 fxg4 45. hxg4 h5 46. gxh5 gxh5 47. Ra8 Kg6 48. Rd8 Be6 49. Bc3 b5 50. Rd6 Kf5 51. Rc6 Rd7 52. Rxc5+ Rd5 53. Rc7 Rd1+ 54. Kf2 Bc4 55. Rg7 Rd5 56. Kg3 Ke6 57. Kh4 Be2 58. Bd4 Bg4 59. Rb7 Be2 60. Be5 Rd1 61. Rb6+ Kf7 62. Kg5 Rg1+ 63. Kf5 Bd3 64. Rb7+ Ke8 65. Bf6 Rc1 66. Re7+ Kf8 67. Rh7 Re1 68. b3 Bc2 69. Kg6 Rg1+ 70. Bg5 Ke8 71. Re7+ Kd8 72. Re5+ Kd7 73. Kxh5 Rg3 74. f5 1-0

[Event "PNWCC-Pirot Hybrid m"]
[Site "Chess.com INT"]
[Date "2021.09.18"]
[Round "2.6"]
[White "Tonic, Milos"]
[Black "Xu, Jayden"]
[Result "1-0"]
[WhiteElo "2000"]
[BlackElo "1680"]
[PlyCount "75"]
[EventDate "2021.09.18"]
[EventType "team-match"]
[EventRounds "4"]
[EventCountry "USA"]
[SourceTitle "CBM 204 Extra"]
[Source "ChessBase"]
[SourceDate "2021.11.30"]
[SourceVersion "1"]
[SourceVersionDate "2021.11.30"]
[SourceQuality "1"]
[WhiteTeam "Pirot"]
[BlackTeam "PNWCC"]
[WhiteTeamCountry "SRB"]
[BlackTeamCountry "USA"]

1. c4 e5 2. Nc3 Nc6 3. Nf3 Nf6 4. g3 Bc5 5. Nxe5 Bxf2+ 6. Kxf2 Nxe5 7. e4 Nfg4+ 8. Kg2 Qf6 9. Qe2 c6 10. h3 d6 11. d4 Be6 12. dxe5 Nxe5 13. Qf2 Qg6 14. Bf4 0-0 15. Bxe5 dxe5 16. Qe3 Rad8 17. Rd1 f5 18. exf5 Qxf5 19. Bd3 Qh5 20. Be2 Qf5 21. Bd3 Qh5 22. g4 Qh4 23. Qg3 Qe7 24. Rhf1 Bf7 25. Rd2 Bg6 26. Rxf8+ Qxf8 27. Qe3 Qd6 28. Ne4 Qb4 29. Rf2 b6 30. b3 Qe7 31. Bc2 c5 32. Nc3 Bf7 33. Be4 Rd4 34. Bd5 Bxd5+ 35. Nxd5 Qd6 36. Qf3 h6 37. Qf7+ Kh7 38. Nf6+ 1-0

[Event "Veliko Gradiste Silver Lake op-A"]
[Site "Veliko Gradiste"]
[Date "2021.06.30"]
[Round "9"]
[White "Poupalos, Nikolaos"]
[Black "Tonic, Milos"]
[Result "1-0"]
[WhiteElo "1887"]
[BlackElo "2073"]
[PlyCount "22"]
[EventDate "2021.06.23"]
[EventType "swiss"]
[EventRounds "9"]
[EventCountry "SRB"]
[SourceTitle "EXT 2022"]
[Source "ChessBase"]
[SourceDate "2021.10.06"]
[SourceVersion "1"]
[SourceVersionDate "2021.10.06"]
[SourceQuality "1"]

1. e4 c6 2. d4 d5 3. e5 Bf5 4. h4 h5 5. Bd3 Bxd3 6. Qxd3 Qb6 7. e6 Qa6 8. exf7+ Kxf7 9. Qf5+ Nf6 10. Nf3 c5 11. Ng5+ Kg8 1-0

[Event "Veliko Gradiste Silver Lake op-A"]
[Site "Veliko Gradiste"]
[Date "2021.06.28"]
[Round "7"]
[White "Tonic, Milos"]
[Black "Duquesne, Julien"]
[Result "1/2-1/2"]
[WhiteElo "2073"]
[BlackElo "1849"]
[PlyCount "51"]
[EventDate "2021.06.23"]
[EventType "swiss"]
[EventRounds "9"]
[EventCountry "SRB"]
[SourceTitle "EXT 2022"]
[Source "ChessBase"]
[SourceDate "2021.10.06"]
[SourceVersion "1"]
[SourceVersionDate "2021.10.06"]
[SourceQuality "1"]

1. c4 c5 2. Nc3 b6 3. Nf3 Bb7 4. g3 Bxf3 5. exf3 Nc6 6. Bg2 g6 7. f4 Bg7 8. 0-0 Nh6 9. a3 Rc8 10. Rb1 Nf5 11. d3 0-0 12. Bd2 e6 13. b4 d6 14. Qa4 Qd7 15. Rfe1 Rfd8 16. Ne2 Ncd4 17. Qxd7 Rxd7 18. Nxd4 Nxd4 19. Red1 h5 20. h4 Rcd8 21. Kf1 Nf5 22. Be4 Nd4 23. Bc3 Kf8 24. Bxd4 Bxd4 25. Bc6 Rc7 26. b5 1/2-1/2

[Event "Veliko Gradiste Silver Lake op-A"]
[Site "Veliko Gradiste"]
[Date "2021.06.23"]
[Round "1"]
[White "Tonic, Milos"]
[Black "Arsovic, Goran"]
[Result "0-1"]
[WhiteElo "2073"]
[BlackElo "2381"]
[PlyCount "61"]
[EventDate "2021.06.23"]
[EventType "swiss"]
[EventRounds "9"]
[EventCountry "SRB"]
[SourceTitle "CBM 203 Extra"]
[Source "ChessBase"]
[SourceDate "2021.09.30"]
[SourceVersion "1"]
[SourceVersionDate "2021.09.30"]
[SourceQuality "1"]

1. c4 g6 2. Nc3 Bg7 3. d4 Nf6 4. e4 d6 5. h3 0-0 6. Bg5 c5 7. d5 e6 8. Bd3 exd5 9. cxd5 Re8 10. Nf3 c4 11. Bc2 b5 12. a3 Nbd7 13. 0-0 Qb6 14. Re1 Bb7 15. Qd2 a6 16. Rad1 Rac8 17. Be3 Nc5 18. e5 dxe5 19. Ng5 Qd6 20. Bxc5 Qxc5 21. Nge4 Nxe4 22. Nxe4 Qb6 23. d6 Rcd8 24. d7 Re7 25. Qd6 Qxd6 26. Nxd6 Rdxd7 27. Nxb7 Rxb7 28. Rd8+ Bf8 29. Red1 Kg7 30. R8d6 Ra7 31. b3 0-1

[Event "SRB-chT 1st League"]
[Site "Bajina Basta"]
[Date "2019.09.20"]
[Round "10.4"]
[White "Tadic, Stefan"]
[Black "Tonic, Milos"]
[Result "1-0"]
[WhiteElo "2267"]
[BlackElo "2111"]
[PlyCount "63"]
[EventDate "2019.09.13"]
[EventType "team-tourn"]
[EventRounds "11"]
[EventCountry "SRB"]
[SourceTitle "CBM 195 Extra"]
[Source "ChessBase"]
[SourceDate "2020.05.31"]
[SourceVersion "1"]
[SourceVersionDate "2020.05.31"]
[SourceQuality "1"]
[WhiteTeam "Sveti Nikolaj Srpski"]
[BlackTeam "Pirot Progres"]
[WhiteTeamCountry "SRB"]
[BlackTeamCountry "SRB"]

1. e4 c6 2. d4 d5 3. f3 dxe4 4. fxe4 e5 5. Nf3 Bg4 6. c3 Nf6 7. Bc4 Bxf3 8. Qxf3 Nbd7 9. 0-0 Bd6 10. Nd2 0-0 11. Kh1 b5 12. Be2 Qe7 13. Bd3 a6 14. Qh3 Qe6 15. Qxe6 fxe6 16. Nf3 exd4 17. cxd4 e5 18. Be3 Ng4 19. Bg1 exd4 20. Nxd4 Nde5 21. Bc2 Rxf1 22. Rxf1 Rf8 23. Bb3+ Kh8 24. Rxf8+ Bxf8 25. Ne6 Bd6 26. Bd4 Nh6 27. h3 Nhf7 28. g4 h6 29. Kg2 Kh7 30. a4 Ng5 31. Bxe5 Bxe5 32. Nf8+ 1-0

[Event "Sofia MGU rapid 7th"]
[Site "Sofia"]
[Date "2018.03.25"]
[Round "2"]
[White "Tonic, Milos"]
[Black "Mitic, Milan"]
[Result "0-1"]
[WhiteElo "2064"]
[BlackElo "2128"]
[PlyCount "120"]
[EventDate "2018.03.25"]
[EventType "swiss (rapid)"]
[EventRounds "8"]
[EventCountry "BUL"]
[SourceTitle "CBM 183 Extra"]
[Source "ChessBase"]
[SourceDate "2018.04.19"]
[SourceVersion "1"]
[SourceVersionDate "2018.04.19"]
[SourceQuality "1"]

1. c4 Nf6 2. Nc3 g6 3. e4 d6 4. d4 Bg7 5. Be2 0-0 6. f4 e5 7. fxe5 dxe5 8. d5 Qe7 9. Be3 a5 10. Nf3 Ng4 11. Bg1 Bh6 12. Qd3 Na6 13. Nd1 f5 14. d6 cxd6 15. h3 Nb4 16. Qb1 Nf6 17. a3 Nc6 18. Nc3 fxe4 19. Nxe4 Bf5 20. Bd3 Nxe4 21. Bxe4 Bxe4 22. Qxe4 Rf4 23. Qd5+ Qf7 24. Be3 Qxd5 25. cxd5 Re4 26. dxc6 Rxe3+ 27. Kf2 bxc6 28. Rhd1 d5 29. Rab1 Rb8 30. b4 Rxa3 31. bxa5 Ra2+ 32. Kg1 Rxb1 33. Rxb1 Be3+ 34. Kh1 Bf4 35. Kg1 Rxa5 36. Rb8+ Kg7 37. Rb7+ Kf6 38. Rxh7 c5 39. g4 c4 40. h4 c3 41. Rc7 d4 42. Rc6+ Kf7 43. Kf1 Rd5 44. h5 gxh5 45. gxh5 e4 46. Nxd4 Rxd4 47. Rxc3 Rd6 48. Rc4 Re6 49. Ke2 Kg7 50. Rc5 Kh6 51. Rf5 Bg5 52. Rf2 Kxh5 53. Rh2+ Kg6 54. Rg2 e3 55. Rg4 Rd6 56. Re4 Rd2+ 57. Kf1 Ra2 58. Re8 Kf5 59. Rf8+ Kg4 60. Re8 Bf4 0-1

[Event "SRB-chT2 East"]
[Site "Serbia"]
[Date "2017.10.08"]
[Round "11.2"]
[White "Stefanovic, Vladimir"]
[Black "Tonic, Milos"]
[Result "1/2-1/2"]
[WhiteElo "2238"]
[BlackElo "2021"]
[PlyCount "52"]
[EventDate "2017.09.08"]
[EventType "team-tourn"]
[EventRounds "11"]
[EventCountry "SRB"]
[SourceTitle "EXT 2022"]
[Source "ChessBase"]
[SourceDate "2021.10.06"]
[SourceVersion "1"]
[SourceVersionDate "2021.10.06"]
[SourceQuality "1"]

1. c4 e5 2. g3 Nf6 3. Bg2 d5 4. cxd5 Nxd5 5. Nc3 Nb6 6. Nf3 Nc6 7. 0-0 Be7 8. d3 0-0 9. a3 Be6 10. b4 a6 11. Bb2 f5 12. Rc1 Kh8 13. Na4 Nxa4 14. Qxa4 Bf6 15. Rxc6 bxc6 16. Nxe5 Bd5 17. e4 fxe4 18. dxe4 Bxe5 19. Bxe5 Re8 20. Bxg7+ Kxg7 21. exd5 cxd5 22. Rd1 Qd6 23. Bxd5 Rad8 24. Bf3 Qf6 25. Kg2 Rf8 26. Qb3 Rxd1 1/2-1/2

[Event "SRB-chT2 East CS"]
[Site "Kragujevac"]
[Date "2016.10.08"]
[Round "10.2"]
[White "Tonic, Milos"]
[Black "Petrovic, Tamara"]
[Result "1/2-1/2"]
[WhiteElo "2043"]
[BlackElo "1912"]
[PlyCount "44"]
[EventDate "2016.08.26"]
[EventType "team-tourn"]
[EventRounds "11"]
[EventCountry "SRB"]
[SourceTitle "EXT 2021"]
[Source "ChessBase"]
[SourceDate "2020.10.23"]
[SourceVersion "1"]
[SourceVersionDate "2020.10.23"]
[SourceQuality "1"]

1. c4 Nf6 2. Nc3 e6 3. g3 d5 4. cxd5 exd5 5. d4 c6 6. Bg2 Bb4 7. a3 Bd6 8. Nf3 Nbd7 9. 0-0 0-0 10. Bf4 Bxf4 11. gxf4 Ng4 12. h3 Nh6 13. e3 Re8 14. Kh2 Qf6 15. Rg1 Nf8 16. Bf1 Ng6 17. Ne2 Nh4 18. Ng5 N6f5 19. Ng3 h6 20. Nxf5 Bxf5 21. Nf3 Ng6 22. Ne5 Nh4 1/2-1/2

[Event "SRB Central-ch op-B 8th"]
[Site "Paracin"]
[Date "2015.07.09"]
[Round "8"]
[White "Tonic, Milos"]
[Black "Radonjic, Milan"]
[Result "1-0"]
[WhiteElo "2066"]
[BlackElo "1936"]
[PlyCount "91"]
[EventDate "2015.07.03"]
[EventType "swiss"]
[EventRounds "9"]
[EventCountry "SRB"]
[SourceTitle "CBM 167 Extra"]
[Source "ChessBase"]
[SourceDate "2015.09.14"]
[SourceVersion "1"]
[SourceVersionDate "2015.09.14"]
[SourceQuality "1"]

1. c4 e5 2. Nc3 f5 3. Nf3 d6 4. d4 e4 5. Ng1 Nf6 6. Nh3 Be7 7. g3 0-0 8. Bg2 c6 9. d5 c5 10. 0-0 Nbd7 11. b3 Ne5 12. f3 exf3 13. exf3 Ng6 14. Re1 Ne8 15. f4 Bf6 16. Bb2 Bd4+ 17. Kh1 Nf6 18. Qd2 Bd7 19. a4 Qb6 20. Nb5 Bxb2 21. Qxb2 Rfe8 22. Rxe8+ Bxe8 23. a5 Qd8 24. Nc3 Rc8 25. Ng5 Bd7 26. Ne6 Bxe6 27. dxe6 Qe7 28. Re1 Nf8 29. h3 Re8 30. Nd5 Nxd5 31. Bxd5 Ng6 32. Kg2 Kf8 33. b4 b6 34. bxc5 bxc5 35. Qc2 Qf6 36. Qd3 Rb8 37. Bf3 Rb2+ 38. Kh1 Ke7 39. Qd5 Qf8 40. Rd1 Kf6 41. g4 Ne7 42. Qxd6 Qb8 43. g5+ Kg6 44. Qxe7 Qxf4 45. Qf7+ Kxg5 46. Rg1+ 1-0

[Event "SRB Central-ch op-B 8th"]
[Site "Paracin"]
[Date "2015.07.07"]
[Round "6"]
[White "Tonic, Milos"]
[Black "Bojicic, Andjela"]
[Result "1/2-1/2"]
[WhiteElo "2066"]
[BlackElo "1862"]
[PlyCount "88"]
[EventDate "2015.07.03"]
[EventType "swiss"]
[EventRounds "9"]
[EventCountry "SRB"]
[SourceTitle "CBM 167 Extra"]
[Source "ChessBase"]
[SourceDate "2015.09.14"]
[SourceVersion "1"]
[SourceVersionDate "2015.09.14"]
[SourceQuality "1"]

1. d4 Nf6 2. c4 g6 3. Nc3 Bg7 4. e4 d6 5. h3 0-0 6. Nf3 e5 7. dxe5 dxe5 8. Bg5 c6 9. Be2 Qc7 10. 0-0 Na6 11. a3 Nc5 12. Qc2 a5 13. b4 Ne6 14. Be3 Nh5 15. Rfd1 axb4 16. axb4 Rxa1 17. Rxa1 Nd4 18. Qb2 Be6 19. c5 Qe7 20. Rd1 Rd8 21. Kh1 h6 22. Nb1 Nxf3 23. Bxf3 Rxd1+ 24. Bxd1 Nf4 25. Be2 Qh4 26. Bf1 Qh5 27. Qd2 g5 28. Kg1 Qg6 29. f3 Qf6 30. Nc3 h5 31. g4 hxg4 32. hxg4 Qh6 33. Qh2 Qf6 34. Qd2 Qh6 35. Qh2 Qf6 36. b5 Qd8 37. Qd2 Qa5 38. bxc6 bxc6 39. Ne2 Qxd2 40. Bxd2 Bf8 41. Be3 Bc4 42. Nc3 Bb3 43. Ba6 Ne6 44. Bb7 Bxc5 1/2-1/2

[Event "SRB Central-ch op-B 8th"]
[Site "Paracin"]
[Date "2015.07.04"]
[Round "3"]
[White "Ilic, Sladjan"]
[Black "Tonic, Milos"]
[Result "1/2-1/2"]
[WhiteElo "1924"]
[BlackElo "2066"]
[PlyCount "45"]
[EventDate "2015.07.03"]
[EventType "swiss"]
[EventRounds "9"]
[EventCountry "SRB"]
[SourceTitle "CBM 167 Extra"]
[Source "ChessBase"]
[SourceDate "2015.09.14"]
[SourceVersion "1"]
[SourceVersionDate "2015.09.14"]
[SourceQuality "1"]

1. e4 c6 2. d4 d5 3. e5 Bf5 4. Bd3 Bxd3 5. Qxd3 e6 6. f4 Ne7 7. Nf3 Qb6 8. Nc3 Qa6 9. Qxa6 Nxa6 10. Be3 Nf5 11. Bf2 h5 12. Nh4 Nh6 13. h3 Be7 14. 0-0-0 Bxh4 15. Bxh4 Nf5 16. Bf2 h4 17. a3 b5 18. Rd3 Nc7 19. Nd1 a5 20. Ne3 Kd7 21. Nxf5 exf5 22. Rf1 Ne6 23. Be3 1/2-1/2

[Event "SRB-chT2 East"]
[Site "Leskovac"]
[Date "2014.09.27"]
[Round "4.2"]
[White "Tonic, Milos"]
[Black "Radovic, Janko"]
[Result "1/2-1/2"]
[WhiteElo "1988"]
[BlackElo "2125"]
[PlyCount "34"]
[EventDate "2014.09.25"]
[EventType "team-swiss"]
[EventRounds "6"]
[EventCountry "SRB"]
[SourceTitle "EXT 2015"]
[Source "ChessBase"]
[SourceDate "2014.11.20"]
[SourceVersion "1"]
[SourceVersionDate "2014.11.20"]
[SourceQuality "1"]

1. c4 Nf6 2. Nc3 d5 3. cxd5 Nxd5 4. Nf3 c5 5. d4 Nxc3 6. bxc3 g6 7. e4 Bg7 8. Bb5+ Nd7 9. 0-0 0-0 10. Rb1 Nf6 11. Qe2 Nxe4 12. Qxe4 Bf5 13. Qe2 Bxb1 14. Bg5 Bf5 15. Bxe7 Qa5 16. Bxf8 Rxf8 17. dxc5 Bg4 1/2-1/2

[Event "Vidin Balkan Amateur op 5th"]
[Site "Vidin"]
[Date "2014.08.29"]
[Round "7"]
[White "Nikolov, Rumen"]
[Black "Tonic, Milos"]
[Result "1-0"]
[WhiteElo "2172"]
[BlackElo "1988"]
[PlyCount "119"]
[EventDate "2014.08.23"]
[EventType "swiss"]
[EventRounds "9"]
[EventCountry "BUL"]
[SourceTitle "CBM 162 Extra"]
[Source "ChessBase"]
[SourceDate "2014.10.17"]
[SourceVersion "1"]
[SourceVersionDate "2014.10.17"]
[SourceQuality "1"]

1. e4 c6 2. d4 d5 3. e5 Bf5 4. Nd2 e6 5. Nb3 Nd7 6. Nf3 Ne7 7. Be2 Bg4 8. 0-0 Nf5 9. Bg5 Be7 10. Bxe7 Qxe7 11. h3 h5 12. Qd2 Bxf3 13. Bxf3 g6 14. Be2 Kf8 15. Bd3 Kg7 16. Rae1 c5 17. Bxf5 gxf5 18. Nxc5 Nxc5 19. dxc5 Qxc5 20. Qg5+ Kf8 21. Re3 Qe7 22. Qg3 Rc8 23. Rc3 Rxc3 24. Qxc3 Rg8 25. f4 Kg7 26. Rf3 Kh6 27. Qd4 b6 28. Rc3 Rd8 29. Rc6 Qh4 30. Qf2 Qe7 31. Kh2 Rg8 32. a4 Qd7 33. Rd6 Qxa4 34. b3 Qe4 35. Rd7 Rg7 36. Rxa7 f6 37. Rxg7 Kxg7 38. Qg3+ Kf7 39. exf6 Kxf6 40. Qg5+ Kf7 41. Qxh5+ Ke7 42. Qg5+ Kf7 43. Qh5+ Kg7 44. Qg5+ Kf7 45. c3 Qc2 46. Qh5+ Kg7 47. Qe8 Qe4 48. Qe7+ Kg8 49. Qc7 Qc2 50. Qxb6 Kf7 51. Qc7+ Kf6 52. Qe5+ Kf7 53. b4 Qd3 54. Qd4 Qf1 55. Qe5 Ke7 56. Qg7+ Kd6 57. Qd4 Ke7 58. Qa7+ Kf6 59. Qb8 Qc4 60. b5 1-0